<?xml version="1.0" encoding="UTF-8"?>
<collection xmlns="http://www.loc.gov/MARC21/slim">
 <record>
  <leader>01757nam a2200301 a 4500</leader>
  <controlfield tag="001">TVCDKTCT8224</controlfield>
  <controlfield tag="003">Thư viện trường Cao đẳng Kỹ thuật Cao Thắng</controlfield>
  <controlfield tag="005">20070904000000</controlfield>
  <controlfield tag="008">070904</controlfield>
  <datafield tag="980" ind1="\" ind2="\">
   <subfield code="a">Thư viện Trường CĐ Kỹ Thuật Cao Thắng</subfield>
  </datafield>
  <datafield tag="024" ind1=" " ind2=" ">
   <subfield code="a">RG_1 #1 eb0 i1</subfield>
  </datafield>
  <datafield tag="020" ind1="#" ind2="#">
   <subfield code="a">0071364145</subfield>
  </datafield>
  <datafield tag="041" ind1="0" ind2="#">
   <subfield code="a">vie</subfield>
  </datafield>
  <datafield tag="082" ind1="#" ind2="#">
   <subfield code="a">658.8 / </subfield>
   <subfield code="b">SC400T-e</subfield>
  </datafield>
  <datafield tag="100" ind1="1" ind2="#">
   <subfield code="a">Robinnette Scott</subfield>
  </datafield>
  <datafield tag="245" ind1="0" ind2="0">
   <subfield code="a">Emotion Marketing: The Hallmark Way of Winning Customers for Life /</subfield>
   <subfield code="c">Robinnette Scott, Brand Claire, Lenz Vicki</subfield>
  </datafield>
  <datafield tag="260" ind1="#" ind2="#">
   <subfield code="a">American :</subfield>
   <subfield code="b">McGraw -Hill ,</subfield>
   <subfield code="c">2000</subfield>
  </datafield>
  <datafield tag="300" ind1="#" ind2="#">
   <subfield code="a">247tr. ;</subfield>
   <subfield code="c">24cm</subfield>
  </datafield>
  <datafield tag="520" ind1="#" ind2="#">
   <subfield code="a">To its millions of loyal customers world-wide, the Hallmark brand stands for more than just greeting cards; it embodies the elusive item every company hopes to capture—the customer’s heart. Hallmark has found that one of the keys to attaining superior customer loyalty is through emotion. Now for the first time, Hallmark reveals its groundbreaking strategy: Emotion Marketing. </subfield>
  </datafield>
  <datafield tag="520" ind1="#" ind2="#">
   <subfield code="a">This strategy can help any company create an emotional bond with customers for a competitive advantage in the marketplace. Emotion Marketing will reveal: </subfield>
  </datafield>
  <datafield tag="520" ind1="#" ind2="#">
   <subfield code="a">• How emotion works to cement customer loyalty </subfield>
  </datafield>
  <datafield tag="520" ind1="#" ind2="#">
   <subfield code="a">• The 3 Emotional E’s—Equity, Experience, and Energy </subfield>
  </datafield>
  <datafield tag="520" ind1="#" ind2="#">
   <subfield code="a">Scott Robinette (Kansas City, MO) is General Manager of Hallmark Business Expressions. Claire Brand (Kansas City, MO) is Customer Marketing Manager at Hallmark. Vicki Lenz (Atlanta, GA) is a writer, consultant, and speaker on business, leadership, and marketing.</subfield>
  </datafield>
  <datafield tag="650" ind1="#" ind2="4">
   <subfield code="a">Emotion Marketing</subfield>
  </datafield>
  <datafield tag="650" ind1="#" ind2="4">
   <subfield code="a">Value Stars</subfield>
  </datafield>
  <datafield tag="650" ind1="#" ind2="4">
   <subfield code="a">Hallmark Gold Crown</subfield>
  </datafield>
  <datafield tag="700" ind1="0" ind2="#">
   <subfield code="a">Brand Claire</subfield>
  </datafield>
  <datafield tag="700" ind1="0" ind2="#">
   <subfield code="a">Lenz Vicki</subfield>
  </datafield>
 </record>
</collection>
